[Event "Viljandi Raud Memorial 50th"]
[Site "Viljandi"]
[Date "2016.06.29"]
[Round "3"]
[White "Ladva, Ottomar"]
[Black "Tominga, Eke"]
[Result "1-0"]
[WhiteElo "2449"]
[BlackElo "2051"]
[PlyCount "63"]
[EventDate "2016.06.27"]
[EventType "swiss"]
[EventRounds "9"]
[EventCountry "EST"]
[SourceTitle "CBM 173 Extra"]
[Source "ChessBase"]
[SourceDate "2016.08.29"]
[SourceVersion "1"]
[SourceVersionDate "2016.08.29"]
[SourceQuality "1"]

1. d4 Nf6 2. c4 e6 3. Nf3 Bb4+ 4. Nbd2 d5 5. Qa4+ Nc6 6. a3 Bxd2+ 7. Bxd2 0-0 8. e3 Ne4 9. Qc2 Nxd2 10. Qxd2 Qe7 11. Qc3 Re8 12. Rc1 dxc4 13. Bxc4 Bd7 14. Bd3 Rac8 15. Be4 Qd6 16. 0-0 Nd8 17. Ne5 c6 18. Qa5 a6 19. b4 Qc7 20. Nc4 Qxa5 21. Nxa5 Rb8 22. f4 f6 23. Bd3 Nf7 24. e4 e5 25. fxe5 fxe5 26. Bc4 Be6 27. d5 cxd5 28. exd5 Bd7 29. d6 Be6 30. d7 Re7 31. Bxe6 Rxe6 32. Rc8+ 1-0

[Event "EST-ch"]
[Site "Tallinn"]
[Date "2016.01.29"]
[Round "6"]
[White "Volodin, Aleksandr"]
[Black "Tominga, Eke"]
[Result "1-0"]
[WhiteElo "2484"]
[BlackElo "2046"]
[PlyCount "117"]
[EventDate "2016.01.26"]
[EventType "swiss"]
[EventRounds "9"]
[EventCountry "EST"]
[SourceTitle "CBM 170 Extra"]
[Source "ChessBase"]
[SourceDate "2016.02.25"]
[SourceVersion "1"]
[SourceVersionDate "2016.02.25"]
[SourceQuality "1"]

1. d4 Nf6 2. c4 e6 3. Nf3 Bb4+ 4. Nbd2 d5 5. Qa4+ Nc6 6. a3 Bxd2+ 7. Bxd2 0-0 8. Bg5 h6 9. Bxf6 Qxf6 10. e3 dxc4 11. Qxc4 Bd7 12. Be2 Rac8 13. Rd1 Rfd8 14. Qc5 b6 15. Qh5 Ne7 16. 0-0 c5 17. Ba6 Rc7 18. Rd2 Bc8 19. Bxc8 Rdxc8 20. h3 a6 21. Rfd1 cxd4 22. Nxd4 b5 23. Qg4 Rc1 24. Qg3 Nf5 25. Qf4 Nxd4 26. Qxf6 Rxd1+ 27. Rxd1 gxf6 28. Rxd4 Rc1+ 29. Kh2 Rc2 30. Kg3 Rxb2 31. Rd8+ Kg7 32. Ra8 Ra2 33. Rxa6 b4 34. a4 b3 35. Rb6 Rxa4 36. Rxb3 f5 37. Rb8 Rc4 38. f4 Ra4 39. Kf3 Ra3 40. Rb5 Rc3 41. g4 fxg4+ 42. hxg4 Ra3 43. f5 exf5 44. gxf5 Ra1 45. Kf4 Rf1+ 46. Ke5 h5 47. Rb2 Rg1 48. Rh2 Rg5 49. e4 f6+ 50. Ke6 Rg4 51. e5 h4 52. Ra2 fxe5 53. f6+ Kh7 54. Rf2 Rg6 55. Ke7 Kh6 56. f7 Rg7 57. Ke6 Rxf7 58. Rxf7 e4 59. Kf5 1-0

[Event "Viljandi Raud Memorial 49th"]
[Site "Viljandi"]
[Date "2015.07.05"]
[Round "9"]
[White "Tominga, Eke"]
[Black "Krupenski, Juri"]
[Result "1/2-1/2"]
[WhiteElo "2036"]
[BlackElo "2339"]
[PlyCount "120"]
[EventDate "2015.06.29"]
[EventType "swiss"]
[EventRounds "9"]
[EventCountry "EST"]
[SourceTitle "CBM 167 Extra"]
[Source "ChessBase"]
[SourceDate "2015.09.14"]
[SourceVersion "1"]
[SourceVersionDate "2015.09.14"]
[SourceQuality "1"]

1. e4 c5 2. Nf3 d6 3. d4 cxd4 4. Nxd4 Nf6 5. Nc3 a6 6. Bg5 e6 7. f4 h6 8. Bh4 Be7 9. Qf3 Nbd7 10. 0-0-0 Qc7 11. g4 g5 12. fxg5 Ne5 13. Qe2 Nfxg4 14. Bh3 hxg5 15. Bxg4 Rxh4 16. h3 Bd7 17. Nf3 Rh7 18. Nxe5 dxe5 19. Rhf1 b5 20. Bh5 0-0-0 21. Rxf7 Rxf7 22. Bxf7 Rf8 23. Bh5 Bc5 24. Rf1 Rf4 25. Qg2 Bc6 26. Rxf4 exf4 27. Nd1 Qe5 28. Bf3 Bd4 29. Kb1 Qc5 30. Qg4 Qe5 31. Qg2 Qc5 32. h4 gxh4 33. Qg8+ Kd7 34. Qf7+ Qe7 35. Qxf4 Qf6 36. Qd2 Kc7 37. Bg2 Kb6 38. c3 Bc5 39. b4 Bf8 40. a4 bxa4 41. Nb2 Kc7 42. Nc4 h3 43. Bxh3 Bxe4+ 44. Kb2 Bd5 45. Qh2+ Kb7 46. Na5+ Kc8 47. Qe2 Kd7 48. Nc4 Bxb4 49. Ne5+ Kd6 50. cxb4 Qxe5+ 51. Qxe5+ Kxe5 52. Bxe6 Bxe6 53. Ka1 Kd4 54. Kb1 Kc3 55. Ka1 a3 56. Kb1 Bb3 57. Ka1 Ba4 58. Kb1 Kb3 59. Ka1 a2 60. b5 axb5 1/2-1/2

[Event "Viljandi Raud Memorial 49th"]
[Site "Viljandi"]
[Date "2015.06.30"]
[Round "2"]
[White "Sinitsina, Anastassia"]
[Black "Tominga, Eke"]
[Result "0-1"]
[WhiteElo "1673"]
[BlackElo "2036"]
[PlyCount "110"]
[EventDate "2015.06.29"]
[EventType "swiss"]
[EventRounds "9"]
[EventCountry "EST"]
[SourceTitle "CBM 167 Extra"]
[Source "ChessBase"]
[SourceDate "2015.09.14"]
[SourceVersion "1"]
[SourceVersionDate "2015.09.14"]
[SourceQuality "1"]

1. e4 e5 2. Nf3 Nc6 3. Bb5 a6 4. Ba4 Nf6 5. 0-0 Be7 6. Re1 b5 7. Bb3 0-0 8. d3 d6 9. a4 Bg4 10. Be3 Na5 11. Ba2 bxa4 12. Nc3 c5 13. Nxa4 Qc7 14. h3 Bd7 15. Nc3 Rfb8 16. Nd5 Nxd5 17. Bxd5 Bc6 18. Bxc6 Nxc6 19. Qc1 Rb5 20. Nd2 Bf8 21. Nc4 g6 22. Bh6 Bxh6 23. Qxh6 Nd4 24. Rac1 a5 25. c3 Ne6 26. Re3 Ra6 27. Rf3 Qe7 28. Ra1 a4 29. Re3 Rb3 30. g3 Nc7 31. Re2 Nb5 32. Qc1 Nc7 33. Kg2 Kg7 34. Ne3 Qd7 35. Ng4 Ne8 36. Qh6+ Kg8 37. f4 f6 38. f5 Qg7 39. fxg6 hxg6 40. Qe3 Kf7 41. Rf2 Ke6 42. Qe2 Qb7 43. Ra2 a3 44. Rxa3 Rbxa3 45. bxa3 Rxa3 46. Qf1 f5 47. Rxf5 Qb2+ 48. Rf2 Qxc3 49. Rf8 Ra2+ 50. Nf2 Ke7 51. Rh8 Qd4 52. Rh7+ Ke6 53. Rh6 Nf6 54. Rxg6 c4 55. Rg5 cxd3 0-1

[Event "EST-ch U18"]
[Site "Tallinn"]
[Date "2015.03.21"]
[Round "6"]
[White "Ladva, Ottomar"]
[Black "Tominga, Eke"]
[Result "1-0"]
[WhiteElo "2409"]
[BlackElo "2036"]
[PlyCount "69"]
[EventDate "2015.03.19"]
[EventType "swiss"]
[EventRounds "7"]
[EventCountry "EST"]
[SourceTitle "EXT 2016"]
[Source "ChessBase"]
[SourceDate "2015.10.08"]
[SourceVersion "1"]
[SourceVersionDate "2015.10.08"]
[SourceQuality "1"]

1. d4 Nf6 2. c4 e6 3. Nc3 Bb4 4. e3 d5 5. Nge2 0-0 6. a3 Bd6 7. Ng3 b6 8. Be2 c6 9. 0-0 Ba6 10. b3 Nbd7 11. Qc2 Rc8 12. Rd1 Qe7 13. Bb2 Rfd8 14. Rac1 Bb8 15. e4 dxe4 16. Ncxe4 c5 17. Nxf6+ Nxf6 18. dxc5 bxc5 19. Bf3 Rxd1+ 20. Rxd1 Rd8 21. Rxd8+ Qxd8 22. b4 Qe7 23. b5 Bb7 24. Bxb7 Qxb7 25. Bxf6 gxf6 26. Nh5 Be5 27. Qd2 Qe7 28. a4 f5 29. g3 Bd4 30. Qf4 Qd8 31. a5 f6 32. b6 Be5 33. Qh6 Qd1+ 34. Kg2 Qg4 35. f3 1-0

[Event "Viljandi Raud Memorial 48th"]
[Site "Viljandi"]
[Date "2014.07.02"]
[Round "4"]
[White "Haavamae, Henrik"]
[Black "Tominga, Eke"]
[Result "0-1"]
[WhiteElo "2007"]
[BlackElo "2050"]
[PlyCount "76"]
[EventDate "2014.06.30"]
[EventType "swiss"]
[EventRounds "9"]
[EventCountry "EST"]
[SourceTitle "CBM 161 Extra"]
[Source "ChessBase"]
[SourceDate "2014.08.29"]
[SourceVersion "1"]
[SourceVersionDate "2014.08.29"]
[SourceQuality "1"]

1. e4 e5 2. Nf3 Nc6 3. Bb5 a6 4. Ba4 Nf6 5. 0-0 Be7 6. Re1 b5 7. Bb3 0-0 8. Nc3 d6 9. a3 Bg4 10. h3 Bh5 11. Ba2 Nd4 12. g4 Bg6 13. Nxd4 exd4 14. Nd5 c6 15. Nxe7+ Qxe7 16. d3 Nd7 17. f4 Qh4 18. Kg2 h6 19. Bd2 Nc5 20. Qf3 Rae8 21. Kh2 Bh7 22. Re2 Nd7 23. Rg1 Kh8 24. g5 f5 25. exf5 Rxe2+ 26. Qxe2 Bxf5 27. Qf3 Re8 28. gxh6 gxh6 29. Rg3 Nf6 30. Bf7 Re7 31. Bg6 Bg4 32. Rxg4 Nxg4+ 33. Kh1 Qf2 34. Qxf2 Nxf2+ 35. Kg1 Re2 36. Bb4 c5 37. Ba5 Nxh3+ 38. Kf1 Nxf4 0-1

[Event "Tallinn op"]
[Site "Tallinn"]
[Date "2014.02.23"]
[Round "5"]
[White "Tominga, Eke"]
[Black "Shishkov, Andrei"]
[Result "1-0"]
[WhiteElo "2074"]
[BlackElo "2385"]
[PlyCount "101"]
[EventDate "2014.02.21"]
[EventType "swiss"]
[EventRounds "7"]
[EventCountry "EST"]
[SourceTitle "CBM 159 Extra"]
[Source "ChessBase"]
[SourceDate "2014.04.24"]
[SourceVersion "1"]
[SourceVersionDate "2014.04.24"]
[SourceQuality "1"]

1. e4 d5 2. exd5 Nf6 3. c4 e6 4. dxe6 Bxe6 5. d4 Bb4+ 6. Bd2 Qe7 7. Be2 Nc6 8. d5 0-0-0 9. a3 Bxd2+ 10. Nxd2 Rhe8 11. dxc6 Bxc4 12. Nxc4 Rxd1+ 13. Rxd1 Ne4 14. Na5 Qc5 15. cxb7+ Kb8 16. Nc6+ Qxc6 17. Nf3 Qc2 18. Nd4 Qxb2 19. 0-0 c5 20. Nc6+ Kc7 21. b8Q+ Rxb8 22. Nxb8 Qxe2 23. Nd7 f5 24. Nf8 Kc6 25. Nxh7 Nxf2 26. Rde1 Qh5 27. Rxf2 Qxh7 28. Rc2 f4 29. Rc3 Qf5 30. Rec1 a5 31. h3 Qe5 32. Kf2 g5 33. Kf3 Qd5+ 34. Kf2 Qd4+ 35. Kf3 Kd6 36. R1c2 a4 37. Kg4 Qe5 38. Rxc5 Qe6+ 39. Kxg5 Qe3 40. R5c3 Qe5+ 41. Kg4 Qe4 42. Rc4 Qd3 43. Kxf4 Qxa3 44. Rd2+ Ke6 45. Re4+ Kf6 46. Rf2 Qb3 47. Rf3 Qc2 48. Kg3+ Kg6 49. Ref4 Qd1 50. Kh2 Qd6 51. Rg3+ 1-0

[Event "Tallinn op"]
[Site "Tallinn"]
[Date "2014.02.21"]
[Round "1"]
[White "Vorobjov, Pavel"]
[Black "Tominga, Eke"]
[Result "1-0"]
[WhiteElo "2207"]
[BlackElo "2074"]
[PlyCount "55"]
[EventDate "2014.02.21"]
[EventType "swiss"]
[EventRounds "7"]
[EventCountry "EST"]
[SourceTitle "CBM 159 Extra"]
[Source "ChessBase"]
[SourceDate "2014.04.24"]
[SourceVersion "1"]
[SourceVersionDate "2014.04.24"]
[SourceQuality "1"]

1. Nf3 Nf6 2. c4 e6 3. b3 d5 4. Bb2 Bd6 5. g3 c6 6. Bg2 0-0 7. 0-0 Qe7 8. d3 dxc4 9. bxc4 e5 10. Nbd2 Re8 11. Rb1 Nbd7 12. Nb3 Nf8 13. c5 Bc7 14. Nfd2 Be6 15. Qc1 Bd5 16. e4 Be6 17. Nc4 N6d7 18. Ba3 Rab8 19. Nd6 Red8 20. d4 exd4 21. Nxd4 Bxa2 22. N4f5 Qf6 23. Bb2 Ne5 24. f4 Bxd6 25. cxd6 Nd3 26. Bxf6 Nxc1 27. Bxd8 Ne2+ 28. Kf2 1-0

[Event "Wch U16"]
[Site "Al Ain"]
[Date "2013.12.22"]
[Round "6"]
[White "Huber, Martin Christian"]
[Black "Tominga, Eke"]
[Result "0-1"]
[WhiteElo "2290"]
[BlackElo "2064"]
[PlyCount "78"]
[EventDate "2013.12.18"]
[EventType "swiss"]
[EventRounds "11"]
[EventCountry "UAE"]
[SourceTitle "CBM 158 Extra"]
[Source "ChessBase"]
[SourceDate "2014.02.28"]
[SourceVersion "1"]
[SourceVersionDate "2014.02.28"]
[SourceQuality "1"]

1. Nf3 d5 2. g3 Nf6 3. Bg2 c6 4. c4 dxc4 5. 0-0 Nbd7 6. Na3 Nb6 7. Qc2 Be6 8. Ne5 Qd4 9. Nxc6 bxc6 10. Bxc6+ Bd7 11. Bxa8 Nxa8 12. Nxc4 Nb6 13. d3 Nfd5 14. e4 Nb4 15. Qb3 e6 16. Be3 Qxd3 17. Qxd3 Nxd3 18. Nxb6 axb6 19. Bxb6 Be7 20. Bd4 0-0 21. Rfd1 Bb5 22. Bc3 Bc5 23. Rd2 f5 24. e5 f4 25. g4 f3 26. b4 Ba7 27. a4 Bc4 28. b5 Nf4 29. Bb4 Nh3+ 30. Kh1 Rc8 31. Rd7 Nxf2+ 32. Kg1 Nh3+ 33. Kh1 Be3 34. Bd2 Bxd2 35. Rxd2 Bd5 36. Rxd5 exd5 37. b6 Rc2 38. Rf1 Rg2 39. b7 Rg1+ 0-1

[Event "Wch U16"]
[Site "Al Ain"]
[Date "2013.12.21"]
[Round "4"]
[White "Tominga, Eke"]
[Black "Reshef, Omer"]
[Result "1/2-1/2"]
[WhiteElo "2064"]
[BlackElo "2253"]
[PlyCount "41"]
[EventDate "2013.12.18"]
[EventType "swiss"]
[EventRounds "11"]
[EventCountry "UAE"]
[SourceTitle "CBM 158 Extra"]
[Source "ChessBase"]
[SourceDate "2014.02.28"]
[SourceVersion "1"]
[SourceVersionDate "2014.02.28"]
[SourceQuality "1"]

1. e4 c5 2. Nf3 d6 3. d4 cxd4 4. Nxd4 Nf6 5. Nc3 g6 6. Be3 Bg7 7. f3 0-0 8. Qd2 Nc6 9. g4 Nxd4 10. Bxd4 Be6 11. 0-0-0 Qa5 12. a3 Rfc8 13. h4 Rab8 14. Nd5 Qxd2+ 15. Rxd2 Bxd5 16. exd5 a6 17. Be2 Nd7 18. f4 Bxd4 19. Rxd4 Rc5 20. c3 b5 21. Kd2 1/2-1/2

[Event "Wch U16"]
[Site "Al Ain"]
[Date "2013.12.19"]
[Round "2"]
[White "Mosadeghpour, Masoud"]
[Black "Tominga, Eke"]
[Result "1-0"]
[WhiteElo "2230"]
[BlackElo "2064"]
[PlyCount "74"]
[EventDate "2013.12.18"]
[EventType "swiss"]
[EventRounds "11"]
[EventCountry "UAE"]
[SourceTitle "CBM 158 Extra"]
[Source "ChessBase"]
[SourceDate "2014.02.28"]
[SourceVersion "1"]
[SourceVersionDate "2014.02.28"]
[SourceQuality "1"]

1. Nf3 Nf6 2. g3 d5 3. Bg2 Bg4 4. c4 c6 5. cxd5 cxd5 6. Ne5 Bf5 7. Qa4+ Nbd7 8. Nc3 e6 9. g4 Bg6 10. g5 Nh5 11. e4 Nf4 12. Bf1 a6 13. Qxd7+ Qxd7 14. Nxd7 Kxd7 15. d4 Nh5 16. exd5 exd5 17. Bh3+ Kc6 18. 0-0 f6 19. Bg2 Rd8 20. Bd2 Bf7 21. Rac1 Kb6 22. Na4+ Ka7 23. Ba5 Bd6 24. Bb6+ Kb8 25. Bxd8 Rxd8 26. gxf6 gxf6 27. Bf3 Nf4 28. Rc3 Rg8+ 29. Kh1 Rg6 30. Rg1 Rh6 31. Rg7 Be6 32. Nc5 Bc8 33. Nd7+ Bxd7 34. Rxd7 f5 35. Rb3 Re6 36. Re3 Rh6 37. Rf7 Re6 1-0

[Event "EU-ch U18 23rd"]
[Site "Budva"]
[Date "2013.10.08"]
[Round "9"]
[White "Tesik, Csaba"]
[Black "Tominga, Eke"]
[Result "1-0"]
[WhiteElo "2372"]
[BlackElo "2053"]
[PlyCount "58"]
[EventDate "2013.09.29"]
[EventType "swiss"]
[EventRounds "9"]
[EventCountry "MNE"]
[SourceTitle "CBM 156 Extra"]
[Source "ChessBase"]
[SourceDate "2013.10.22"]
[SourceVersion "1"]
[SourceVersionDate "2013.10.22"]
[SourceQuality "1"]

1. e4 e5 2. Nf3 Nc6 3. Bb5 a6 4. Ba4 Nf6 5. 0-0 Be7 6. d3 d6 7. c3 0-0 8. Nbd2 b5 9. Bc2 d5 10. Re1 dxe4 11. dxe4 Be6 12. Qe2 Bc5 13. Bb3 Qe7 14. Bxe6 fxe6 15. Nb3 Bb6 16. Be3 Rad8 17. a4 Ng4 18. Bxb6 cxb6 19. axb5 axb5 20. h3 Nf6 21. Qxb5 Nh5 22. Nxe5 Qg5 23. Qxc6 Qxe5 24. Nd4 Rd6 25. Qc4 Nf4 26. Re3 h5 27. b4 h4 28. Rf3 Qh5 29. e5 Rd5 1-0

[Event "Viljandi Raud Memorial 47th"]
[Site "Viljandi"]
[Date "2013.07.05"]
[Round "7"]
[White "Bernotas, Arturs"]
[Black "Tominga, Eke"]
[Result "1/2-1/2"]
[WhiteElo "2281"]
[BlackElo "1993"]
[PlyCount "70"]
[EventDate "2013.07.01"]
[EventType "swiss"]
[EventRounds "9"]
[EventCountry "EST"]
[SourceTitle "CBM 155 Extra"]
[Source "ChessBase"]
[SourceDate "2013.08.26"]
[SourceVersion "1"]
[SourceVersionDate "2013.08.26"]
[SourceQuality "1"]

1. e4 e5 2. Nf3 Nc6 3. d4 exd4 4. Nxd4 Nf6 5. Nxc6 bxc6 6. e5 Qe7 7. Qe2 Nd5 8. c4 Ba6 9. b3 0-0-0 10. g3 f6 11. Bb2 Nb6 12. Bg2 Qf7 13. 0-0 h5 14. a4 h4 15. a5 Nd5 16. Qf3 hxg3 17. hxg3 Qg6 18. Nc3 Nxc3 19. Bxc3 fxe5 20. Qe3 Kb7 21. Rfd1 Bd6 22. Qe4 Qf7 23. Rd3 Rdf8 24. Rf3 Qe6 25. Rxf8 Rxf8 26. Re1 Bc5 27. Re2 Qf6 28. Qc2 Qg5 29. Qd2 Qxg3 30. Bb4 Rxf2 31. Rxf2 Bxf2+ 32. Qxf2 Qxb3 33. Qd2 Qxc4 34. Qxd7 Qd4+ 35. Qxd4 exd4 1/2-1/2

[Event "Viljandi Raud Memorial 47th"]
[Site "Viljandi"]
[Date "2013.07.02"]
[Round "3"]
[White "Shishkov, Andrei"]
[Black "Tominga, Eke"]
[Result "1-0"]
[WhiteElo "2375"]
[BlackElo "1993"]
[PlyCount "63"]
[EventDate "2013.07.01"]
[EventType "swiss"]
[EventRounds "9"]
[EventCountry "EST"]
[SourceTitle "CBM 155 Extra"]
[Source "ChessBase"]
[SourceDate "2013.08.26"]
[SourceVersion "1"]
[SourceVersionDate "2013.08.26"]
[SourceQuality "1"]

1. d4 Nf6 2. c4 b6 3. Nc3 Bb7 4. f3 d5 5. cxd5 Nxd5 6. e4 Nxc3 7. bxc3 e5 8. Bb5+ c6 9. Bc4 b5 10. Bb3 c5 11. dxe5 Qa5 12. Bd2 c4 13. Bc2 Ba3 14. Rb1 Nd7 15. e6 fxe6 16. f4 0-0 17. Nh3 e5 18. 0-0 Rad8 19. Kh1 Nc5 20. Qe2 Nd3 21. Ng5 Rfe8 22. Qh5 h6 23. Qf7+ Kh8 24. Qxb7 Nc5 25. Nf7+ Kg8 26. Qc6 Kxf7 27. fxe5+ Ke7 28. Rxb5 Qxb5 29. Qxb5 Rxd2 30. Qxc4 Ne6 31. Bb3 Kd8 32. Qb5 1-0